00639nam a22001937a 450000500170000001000130001702000100003003500130004003700160005304000120006908200180008110000160009924501760011526000320029127000390032330000270036265000160038965000400040520170124110143.0 aA-871022 c24.00 aA-871022 bCen Lib/Ret aDPLbEN a155.9042bGUP aGupta, M.K. aHow to control your mind and be stree-free :cby M.K. Gupta bA scientific step-by-step guide to strengthen your mind , elevate yuor thoughts and relieve you from stress / aDelhi bPustak Mahal c1998 bDelhi a6686, khari baoli e110006 a104p.:c21cm(Hb)bill. aPsychology  aControl management xMind thoughts